[Event "Let's Play Chess!"]
[Site "http://www.queenalice.com/game.php?id=804810"]
[Date "2010.7.18"]
[Round "-"]
[White "egs19690901"]
[Black "thekingAlice"]
[Result "1-0"]
[WhiteElo "1581"]
[BlackElo "1634"]

1. e4 e5 2. Bc4 Nc6 3. Qf3 Nf6 4. d3 Nd4 5. Qd1 d5 6. c3 dxc4 7. cxd4 Qxd4 8.
Nf3 Qc5 9. Be3 Qa5+ 10. Bd2 Qb5 11. Nc3 Qc5 12. Na4 Qd6 13. dxc4 Bd7 14. O-O
Nxe4 15. Nc3 Nxc3 16. Bxc3 Qxd1 17. Raxd1 f6 18. Nh4 g5 19. Nf3 O-O-O 20. a4 Be7
21. b3 Bd6 22. a5 Rde8 23. b4 Be6 24. c5 Be7 25. Ra1 Rd8 26. a6 Bd5 27. Nd2 Kd7
28. axb7 Bxb7 29. Rxa7 Rb8 30. b5 Bxc5 31. Ra4 Ra8 32. Rxa8 Rxa8 33. g3 Bd4 34.
Bxd4 exd4 35. Rc1 Ra4 36. f3 Ra8 37. Nb3 Ra4 38. Nc5+ Kc8 39. Nxa4 Kb8 40. Rd1
1-0

[Event "thekingAlice 1"]
[Site "http://www.queenalice.com/game.php?id=804993"]
[Date "2010.7.18"]
[Round "1"]
[White "thekingAlice"]
[Black "phystutordotcom"]
[Result "0-1"]
[WhiteElo "1608"]
[BlackElo "2159"]

1. e4 d6 2. d4 Nf6 3. Nc3 e5 4. Nge2 Nbd7 5. Ng3 exd4 6. Qxd4 g6 7. Be2 Bg7 8.
Bg5 O-O 9. O-O-O h6 10. Bxf6 Qxf6 11. Qxf6 Bxf6 12. Nd5 Bd8 13. Bc4 Nb6 14. Nxb6
axb6 15. f3 Be6 16. Bxe6 fxe6 17. Kb1 Be7 18. Rhe1 Ra5 19. b4 Ra4 20. c3 Ra3 21.
Kb2 Rfa8 22. Ra1 Bf6 23. Rec1 c5 24. Ne2 cxb4 25. Nd4 bxc3+ 0-1

[Event "Let's Play Chess!"]
[Site "http://www.queenalice.com/game.php?id=805413"]
[Date "2010.7.19"]
[Round "-"]
[White "thekingAlice"]
[Black "n4ndu"]
[Result "0-1"]
[WhiteElo "1634"]
[BlackElo "1697"]

1. e4 e5 2. Nf3 Nf6 3. Nc3 d6 4. d4 Qe7 5. d5 Bg4 6. Be2 Nbd7 7. h3 Bh5 8. Be3
h6 9. Bb5 Bg6 10. Nd2 Qd8 11. Qe2 Be7 12. a4 a6 13. Bd3 O-O 14. O-O-O Nh7 15. g4
f6 16. f4 exf4 17. Bxf4 Ne5 18. Nf3 Nxd3+ 19. Rxd3 Qd7 20. Nh4 Be8 21. Nf5 Ng5
22. h4 Nf7 23. Rg3 g5 24. hxg5 fxg5 25. Be3 Bf6 26. Nxh6+ Nxh6 27. Rxh6 Rf7 28.
Qh2 Kf8 29. Kd2 Ke7 30. Rh7 Rxh7 31. Qxh7+ Bf7 32. Qf5 Qe8 33. Rh3 Qg8 34. Ne2
Rf8 35. Nd4 Bxd4 36. Bxd4 Qg6 37. Qf3 Bxd5 38. Qe3 Bxe4 39. c3 Rf4 40. Rh7+ Qxh7
41. Qg3 d5 0-1

[Event "Let's Play Chess!"]
[Site "http://www.queenalice.com/game.php?id=807719"]
[Date "2010.7.24"]
[Round "-"]
[White "thekingAlice"]
[Black "rocha"]
[Result "0-1"]
[WhiteElo "1587"]
[BlackElo "1606"]

1. e4 e5 2. Nf3 f6 3. d4 Bd6 4. d5 c6 5. dxc6 dxc6 6. Nc3 a6 7. Be3 Qa5 8. Bd2
b5 9. Nd5 Qd8 10. Ne3 Ne7 11. Be2 g6 12. Nf1 h5 13. g3 Bh3 14. Ng1 Qd7 15. Nxh3
Qxh3 16. Be3 f5 17. Qxd6 Kf7 18. Qxe5 Nd7 19. Qd4 Rad8 20. Rd1 Nb8 21. Qe5 Rxd1+
22. Bxd1 fxe4 23. Qxe4 Re8 24. Bc5 Nf5 25. Qxe8+ Kxe8 26. Nd2 h4 27. Nf3 hxg3
0-1

[Event "Let's Play Chess!"]
[Site "http://www.queenalice.com/game.php?id=807720"]
[Date "2010.7.24"]
[Round "-"]
[White "rocha"]
[Black "thekingAlice"]
[Result "1-0"]
[WhiteElo "1591"]
[BlackElo "1604"]

1. e4 e5 2. f3 Nc6 3. c3 Nf6 4. d4 exd4 5. cxd4 Bb4+ 6. Nd2 a5 7. a3 Bxd2+ 8.
Qxd2 O-O 9. Nh3 d6 10. d5 Bxh3 11. gxh3 Ne5 12. Be2 Qd7 13. f4 Ng6 14. f5 Ne5
15. Rg1 b5 16. Qh6 g6 17. Bg4 Kh8 18. fxg6 fxg6 19. Bxd7 Nfxd7 20. Ke2 Nf7 21.
Rxg6 Nxh6 22. Rxh6 Rf4 23. Bxf4 1-0

[Event "Let's Play Chess!"]
[Site "http://www.queenalice.com/game.php?id=810681"]
[Date "2010.7.30"]
[Round "-"]
[White "digger"]
[Black "thekingAlice"]
[Result "1-0"]
[WhiteElo "1720"]
[BlackElo "1647"]

1. c4 Nf6 2. d4 g6 3. Bf4 d5 4. e3 Bg7 5. Be5 O-O 6. cxd5 Nh5 7. Bxg7 Nxg7 8.
Qb3 Nd7 9. Nf3 Nb6 10. Nc3 Bd7 11. Bb5 a6 12. Bxd7 Qxd7 13. e4 Rab8 14. O-O Ne8
15. Rfe1 Nd6 16. Rac1 Rfc8 17. Ne5 Qd8 18. a4 f6 19. Nf3 Nbc4 20. e5 fxe5 21.
Ne4 exd4 22. Nxd6 Nxd6 23. Nxd4 Nf5 24. Nxf5 Kf8 25. Nxe7 1-0

[Event "Let's Play Chess!"]
[Site "http://www.queenalice.com/game.php?id=810975"]
[Date "2010.7.30"]
[Round "-"]
[White "thekingAlice"]
[Black "Seneca"]
[Result "0-1"]
[WhiteElo "1558"]
[BlackElo "1143"]

1. e4 e6 2. Nf3 d5 3. exd5 exd5 4. d4 Nf6 5. Bd3 c5 6. dxc5 Bxc5 7. O-O O-O 8.
Re1 Nc6 9. Bb5 a6 10. Bxc6 bxc6 11. Nc3 Ng4 12. Re2 f6 13. Na4 Ba7 14. b3 Re8
15. Rd2 Qe7 16. Bb2 Bf5 17. Bd4 c5 18. Bb2 d4 19. Nh4 Qe5 20. Nxf5 Qxh2+ 0-1

[Event "Let's Play Chess!"]
[Site "http://www.queenalice.com/game.php?id=811240"]
[Date "2010.7.31"]
[Round "-"]
[White "thekingAlice"]
[Black "REDWOLF"]
[Result "0-1"]
[WhiteElo "1643"]
[BlackElo "1571"]

1. e4 e5 2. Nf3 Nc6 3. Bb5 Bc5 4. O-O Nf6 5. Nc3 O-O 6. d3 d6 7. Bxc6 bxc6 8.
Re1 Ng4 9. Re2 f5 10. Be3 Bxe3 11. fxe3 fxe4 12. dxe4 Ba6 13. Re1 Qf6 14. h3 Nh6
15. Rf1 Bxf1 16. Qxf1 Rab8 17. b3 Rfd8 18. Qe2 d5 19. Rd1 Nf7 20. Rf1 Ng5 21.
Nh2 Qg6 22. Ng4 Re8 23. Rf5 d4 24. exd4 exd4 25. Na4 Rxe4 26. Qd3 Qxf5 27. Nb2
Re1+ 28. Kh2 Qf4+ 29. Qg3 Qf1 0-1

[Event "Let's Play Chess!"]
[Site "http://www.queenalice.com/game.php?id=811241"]
[Date "2010.7.31"]
[Round "-"]
[White "thekingAlice"]
[Black "Scaracioli"]
[Result "0-1"]
[WhiteElo "1572"]
[BlackElo "1630"]

1. e4 d5 2. exd5 Qxd5 3. Nc3 Qd8 4. Nf3 Bg4 5. Be2 Bxf3 6. Bxf3 c6 7. O-O Nd7 8.
Re1 e6 9. d4 Bb4 10. Bd2 Bxc3 11. Bxc3 f6 12. Bd2 Qe7 13. c4 O-O-O 14. a3 g5 15.
b4 a6 16. c5 f5 17. Qc1 f4 18. Qc2 Nh6 19. Bc3 Nf5 20. d5 Rhe8 21. d6 Qf7 22.
Be4 h5 23. Re2 g4 24. Rae1 f3 25. gxf3 gxf3 26. Bxf3 Rg8+ 27. Bg2 Nh4 28. Qe4
Nxg2 29. Qxg2 Rxg2+ 0-1

[Event "Let's Play Chess!"]
[Site "http://www.queenalice.com/game.php?id=811243"]
[Date "2010.7.31"]
[Round "-"]
[White "REDWOLF"]
[Black "thekingAlice"]
[Result "1-0"]
[WhiteElo "1552"]
[BlackElo "1633"]

1. e4 e5 2. Nf3 Nc6 3. Bc4 Bc5 4. O-O Nf6 5. Nc3 O-O 6. d3 d6 7. Be3 Bxe3 8.
fxe3 Ng4 9. h3 Nxe3 10. Qe2 Nxc4 11. dxc4 Be6 12. Rad1 Qe7 13. Nd5 Bxd5 14. cxd5
Nd4 15. Nxd4 exd4 16. Rxd4 f5 17. Rf4 Qg5 18. Qe3 Rae8 19. h4 Qg6 20. Qf2 fxe4
21. Rdxe4 Rxe4 22. Rxf8# 1-0

[Event "Let's Play Chess!"]
[Site "http://www.queenalice.com/game.php?id=811861"]
[Date "2010.8.1"]
[Round "-"]
[White "thekingAlice"]
[Black "ulisses34"]
[Result "1-0"]
[WhiteElo "1591"]
[BlackElo "1697"]

1. e4 d6 2. Nf3 Nf6 3. Nc3 Bd7 4. d4 h6 5. e5 dxe5 6. dxe5 Nh7 7. Bd3 Ng5 8.
Nxg5 hxg5 9. Bxg5 Nc6 10. Qe2 Nd4 11. Qe4 Ne6 12. Be3 Bc6 13. Qg4 Qd7 14. O-O-O
g6 15. Be4 Qc8 16. Bxc6+ bxc6 17. Qa4 Qb7 18. Nd5 Rb8 19. b3 Bg7 20. f4 O-O 21.
Nb4 Rfd8 22. Nxc6 Rxd1+ 23. Rxd1 Re8 24. Nxa7 Qxg2 25. Qxe8+ Bf8 26. Nc6 Qxh2
27. Nxe7+ Kg7 28. Rd7 Nxf4 29. Nf5+ 1-0

[Event "Let's Play Chess!"]
[Site "http://www.queenalice.com/game.php?id=811862"]
[Date "2010.8.1"]
[Round "-"]
[White "dmnl12"]
[Black "thekingAlice"]
[Result "1-0"]
[WhiteElo "1733"]
[BlackElo "1627"]

1. d4 d5 2. c4 dxc4 3. Nc3 Nf6 4. Nf3 Bd7 5. e4 e6 6. Bxc4 Bb4 7. Qe2 O-O 8. O-O
Qe8 9. Ne5 Bxc3 10. Nxd7 Bxd4 11. Nxf8 Qxf8 12. Rd1 c5 13. Be3 Nxe4 14. Bxd4 Nc6
15. Qxe4 cxd4 16. Bb5 Rc8 17. Bxc6 bxc6 18. Qxd4 Qe8 19. Qxa7 1-0

[Event "Let's Play Chess!"]
[Site "http://www.queenalice.com/game.php?id=812617"]
[Date "2010.8.3"]
[Round "-"]
[White "thekingAlice"]
[Black "Seneca"]
[Result "0-1"]
[WhiteElo "1611"]
[BlackElo "1248"]

1. e4 e6 2. d4 d5 3. e5 c5 4. dxc5 Bxc5 5. Nc3 Qc7 6. Bb5+ Bd7 7. Nf3 a6 8. Ba4
Ne7 9. a3 b5 10. Bb3 Nbc6 11. Qe2 Nd4 12. Nxd4 Bxd4 13. Bd2 Bxe5 14. O-O Bxh2+
15. Kh1 Bd6 16. Rac1 O-O 17. Rfe1 Nf5 18. Nd1 Qd8 19. Ne3 Qh4+ 0-1

[Event "Let's Play Chess!"]
[Site "http://www.queenalice.com/game.php?id=812618"]
[Date "2010.8.3"]
[Round "-"]
[White "mike52"]
[Black "thekingAlice"]
[Result "0-1"]
[WhiteElo "1265"]
[BlackElo "1645"]

1. g4 e5 2. d4 exd4 3. Qxd4 Nc6 4. Qe3+ Qe7 5. Qxe7+ Bxe7 6. h3 d5 7. g5 Be6 8.
a3 g6 9. Nc3 f6 10. e3 fxg5 11. Bb5 Nf6 12. Bd2 Bd7 13. Nf3 O-O-O 14. Bxc6 Bxc6
15. Nxg5 Be8 16. Ne6 Rd6 17. Ng7 Bc6 18. Nf5 gxf5 19. b4 Re6 20. f4 d4 21. Ne2
Bxh1 22. O-O-O d3 23. cxd3 Bf3 24. Re1 Rd8 25. Nd4 Red6 26. Nxf3 Rxd3 27. Re2
Ne4 28. Ne5 Rxd2 29. Nf7 Rd1+ 30. Kb2 R8d2+ 31. Rxd2 Rxd2+ 32. Kc1 Bf6 33. Nh6
Bb2+ 34. Kb1 Nc3# 0-1

[Event "Let's Play Chess!"]
[Site "http://www.queenalice.com/game.php?id=813496"]
[Date "2010.8.5"]
[Round "-"]
[White "thekingAlice"]
[Black "Scaracioli"]
[Result "1-0"]
[WhiteElo "1627"]
[BlackElo "1629"]

1. e4 e5 2. Nf3 Qe7 3. Nc3 c6 4. d4 exd4 5. Nxd4 Nf6 6. Bg5 d5 7. Be2 h6 8. Bxf6
gxf6 9. exd5 cxd5 10. O-O Be6 11. Re1 Bg7 12. Bb5+ Nc6 13. Bxc6+ bxc6 14. Qd2
Rc8 15. Nf5 Qf8 16. Re2 Kd7 17. Nd4 Qd6 18. Rae1 Rhe8 19. Na4 f5 20. b4 Bxd4 21.
c3 Bb6 22. Qxh6 Re7 23. Nb2 Rce8 24. Qh5 a5 25. Nd3 axb4 26. Nxb4 Ba5 27. a3
Bxb4 28. axb4 f6 29. Qg6 Rh8 30. g3 Rhe8 31. Qxf6 Rf7 32. Qd4 Rfe7 33. Ra1 Rc8
34. Ra7+ Rc7 35. Rea2 Rxa7 36. Rxa7+ Kd8 37. Qh8+ Re8 38. Qf6+ Re7 39. Qf8+ 1-0

[Event "Let's Play Chess!"]
[Site "http://www.queenalice.com/game.php?id=813497"]
[Date "2010.8.5"]
[Round "-"]
[White "thekingAlice"]
[Black "mike52"]
[Result "0-1"]
[WhiteElo "1606"]
[BlackElo "1361"]

1. e4 a6 2. Nf3 d5 3. exd5 Qxd5 4. Nc3 Bg4 5. d3 Qc6 6. Be2 e6 7. Ne5 Qxg2 8.
Rf1 Bxe2 9. Qxe2 Qxh2 10. Nf3 Qh5 11. Bf4 Bb4 12. Rc1 Ne7 13. Rg1 g6 14. Bg5
Nbc6 15. Bxe7 Nxe7 16. Kd2 Nd5 17. Rh1 Qf5 18. Nd4 Qf6 19. Nf3 Ba5 20. a3 Nxc3
21. bxc3 Qxc3+ 22. Kd1 Qxa3 23. Nd4 Qd6 24. c3 Qd5 25. Qe4 Qxe4 26. dxe4 O-O 27.
f3 c5 28. Nb3 Bc7 29. Nxc5 Bf4 30. Rc2 Rfd8+ 31. Ke2 Rab8 32. Nd3 Bg5 33. f4 Bf6
34. Ke3 g5 35. e5 gxf4+ 36. Ke4 Bg5 37. Nxf4 Bxf4 38. Kxf4 b5 39. Ke3 b4 40. c4
b3 41. Rb2 a5 42. Ra1 Rdc8 43. Kd3 Rd8+ 44. Kc3 a4 45. Rxa4 Rd1 46. Rxb3 Rxb3+
47. Kxb3 Re1 48. Ra5 h5 49. Kc3 h4 50. Kd4 h3 51. Ra2 Rd1+ 52. Ke4 Kg7 53. Rh2
Rc1 54. Kd3 Kg6 55. Rxh3 Kf5 56. Rf3+ Kxe5 57. Re3+ Kd6 58. Re4 Kc5 59. Re2 Rxc4
60. Re5+ Kb4 0-1

[Event "Let's Play Chess!"]
[Site "http://www.queenalice.com/game.php?id=813498"]
[Date "2010.8.5"]
[Round "-"]
[White "zemaria"]
[Black "thekingAlice"]
[Result "1-0"]
[WhiteElo "1761"]
[BlackElo "1616"]

1. e4 e5 2. Nf3 Nc6 3. d4 exd4 4. Nxd4 Nxd4 5. Qxd4 Ne7 6. Be2 Nc6 7. Qd1 Be7 8.
Nc3 O-O 9. Be3 Bf6 10. Bd3 Bxc3+ 11. bxc3 d6 12. Qf3 Be6 13. Qg3 Kh8 14. Bc1 Ne5
15. h3 c5 16. O-O f6 17. f4 Nc4 18. f5 Bd7 19. Bxc4 b5 20. Bd5 Rb8 21. Bf4 Qb6
22. Bxd6 Rfe8 23. Bxb8 1-0

[Event "Let's Play Chess!"]
[Site "http://www.queenalice.com/game.php?id=813499"]
[Date "2010.8.5"]
[Round "-"]
[White "zemaria"]
[Black "thekingAlice"]
[Result "1-0"]
[WhiteElo "1800"]
[BlackElo "1580"]

1. e4 e5 2. Nf3 Nc6 3. a3 Nf6 4. Nc3 d5 5. exd5 Nxd5 6. Bd3 Nxc3 7. dxc3 Be7 8.
Qe2 Bg4 9. Bd2 O-O 10. h3 Bh5 11. Be4 Qd7 12. Rd1 f6 13. Be3 Qe8 14. Rd2 f5 15.
Bxc6 bxc6 16. Qc4+ Kh8 17. Ng5 f4 18. h4 Bxg5 19. Bc5 Bh6 20. Bxf8 Qxf8 21. f3
Qe8 22. Kd1 g5 23. hxg5 Bxg5 24. Kc1 Be7 25. Qe4 Bd6 26. Qf5 Bg6 27. Qf6+ Kg8
28. Rdd1 Qd7 29. Rh2 Rf8 30. Qg5 Rf5 31. Qg4 Qg7 32. Qh4 Rf6 33. Qf2 c5 34. Qe2
Bf7 35. Rh4 Bg6 36. Qa6 Bf5 37. Rd2 Qg5 38. Rh1 Rf7 39. Qc4 Qg6 40. b4 cxb4 41.
cxb4 Kh8 42. Qd5 Kg7 43. Qa8 e4 44. Rg1 e3 45. Re2 Be6 46. Qc6 Rf5 47. Qa8 Bc4
48. Ree1 1-0